Normal view
MARC view
Entry Personal Name
001 - CONTROL NUMBER
- control field: 72919
003 - CONTROL NUMBER IDENTIFIER
- control field: dpl
005 - DATE AND TIME OF LATEST TRANSACTION
- control field: 20241017143346.0
008 - FIXED-LENGTH DATA ELEMENTS
- fixed length control field: 241017|| aca||aabn | a|a d
040 ## - CATALOGING SOURCE
- Original cataloging agency: dpl
- Transcribing agency: dpl
100 ## - HEADING--PERSONAL NAME
- Personal name: बाहरी , हरदेव
670 ## - SOURCE DATA FOUND
- Source citation: Work cat.: (dpl)206463: बाहरी , हरदेव , प्राचीन भारतीय संस्कृति कोश /, 2022
